Áp lực đất và tường chắn đất

Shranjeno v:
Bibliografske podrobnosti
Glavni avtor: Phan Trường Phiệt
Format: Knjiga
Jezik:Undetermined
Izdano: Hà Nội Xây dựng 2001
Teme:
Oznake: Označite
Brez oznak, prvi označite!
Thư viện lưu trữ: Trung tâm Học liệu Trường Đại học Cần Thơ
LEADER 00566nam a2200193Ia 4500
001 CTU_62435
008 210402s9999 xx 000 0 und d
020 |b 48000 
082 |a 624.151 
082 |b Ph308 
100 |a Phan Trường Phiệt 
245 0 |a Áp lực đất và tường chắn đất 
245 0 |c Phan Trường Phiệt 
260 |a Hà Nội 
260 |b Xây dựng 
260 |c 2001 
650 |a engineering geology,soil mechanics 
904 |i Minh 
980 |a Trung tâm Học liệu Trường Đại học Cần Thơ